000 00423 a2200157 4500
001 57805
020 _a857056824X
040 _cAnchieta - Pituba
100 _aOrthof, Sylvia
240 1 0 _aLivro aberto
_lpor
245 1 0 _aLivro aberto
300 _a58
362 0 _a1996
650 4 _aPessoas em literatura, história, biografia, genealogia (incluindo historiadores, escritores e críticos da literatura)
942 _cBK
999 _c57805
_d57805